Normal view
MARC view
Entry Personal Name
001 - CONTROL NUMBER
- control field: 8867
003 - CONTROL NUMBER IDENTIFIER
- control field: ARRUPE
005 - DATE AND TIME OF LATEST TRANSACTION
- control field: 20140221135752.0
008 - FIXED-LENGTH DATA ELEMENTS
- fixed length control field: 140221|| aca||aabn | a|a d
040 ## - CATALOGING SOURCE
- Original cataloging agency: ARRUPE
- Transcribing agency: ARRUPE
100 ## - HEADING--PERSONAL NAME
- Personal name: Murray, Gregory,
- Dates associated with a name: 1905- [from old catalog]
670 ## - SOURCE DATA FOUND
- Source citation: Work cat.: (ARRUPE)0: Murray, Gregory, 1905- [from old catalog], Accentual cadences in Gregorian chant., [1958]